000 00947cab a2200265 4500
001 ABS59205
008 090401t1998 xxu||||| |||| 00| 0 eng d
035 _a(Sirsi) u88042
041 _aeng
100 _aAyler, M,
245 _aUsing the sales comparison approach to value precious metal minerals
260 _c1998
350 _a0
490 _aAppraisal Journal
_v66(3) July 1998, 253-261(9)
520 _aConsiders using the sales comparison approach to valuing precious metal minerals and examines concepts such as mineral acre unit of value, surface and subsurface highest and best value, irrelevance of previous sale, and unequal knowledge of parties to a sale. Case study.
650 _aMINERALS
650 _aPRECIOUS METALS
650 _aSALES COMPARISON
650 _aVALUATION METHODS
650 _aValuation
_96273
690 _aMINERALS AND MINING
700 _aWampler, W,
942 _n0
948 _c19/08/1998
999 _c55594
_d55594